000
00169nam a2200085 4500
001
1241214
005
20251010135256.0
245
_a
KUŞLAR
_c
TÜBİTAK
260
_b
TÜBİTAK
999
_c
1241214
_d
1241214